000 00232nam a22000857a 4500
008 160916b xxu||||| |||| 00| 0 eng d
100 _9610
_aKumar.S.etal
245 _aEnglish communicative-8
260 _aNew Delhi
_bFrank Publications
_c2012
999 _c3268
_d3268